00541nam a22001817a 450000500170000000800410001702000180005804000070007604100120008308200160009510000240011124500490013526000610018430000260024536500570027165000130032865000180034120260415113716.0260415b |||||||| |||| 00| 0 eng d a9789354660108 cAL aEnglish a515.9bPUNM aSudhir Kumar Pundir aModern analysisb: Topology of metric spaces aNew DelhibCBS publishers and distributors pvt Ltdc2021 a402 p.bPBc24x17 cm. aVBI-2645b₹356.25c₹d₹475.00e25%f20-02-2026 aTopology ametric spaces